000 00697nam a2200301Ia 4500
005 20260401122437.0
008 008 250103s9999 xx 000 0 eng d
020 _a9780226083872
037 _aTB
040 _aEDL
040 _beng
040 _cEDL
041 _2eng
041 _aeng
084 _a201.72KAH
084 _qEDL
100 _aKahn, Victoria
_91233636
245 4 _aThe future of illusion: Political theology and early modern texts
245 0 _cKahn, Victoria
260 _aLondon
260 _bUniversity of Chicago
260 _c2014
300 _a246p
942 _cTB
942 _h201.72KAH
999 _c1847325
_d1847325